Một số quy định pháp luật về quản lý, tổ chức, hoạt động của các hội, đoàn thể xã hội
Tài liệu bao gồm các quy định về thành lập, tổ chức, hoạt động và quản lý nhà nước đối với một số các hội, đoàn thể xã hội.
Zapisane w:
| Format: | Książka |
|---|---|
| Język: | Undetermined |
| Wydane: |
Hà Nội
Lao động
2002
|
| Hasła przedmiotowe: | |
| Etykiety: |
Dodaj etykietę
Nie ma etykietki, Dołącz pierwszą etykiete!
|
| Thư viện lưu trữ: | Trung tâm Học liệu Trường Đại học Cần Thơ |
|---|
| LEADER | 00863nam a2200181Ia 4500 | ||
|---|---|---|---|
| 001 | CTU_145700 | ||
| 008 | 210402s9999 xx 000 0 und d | ||
| 082 | |a 342.59709 | ||
| 082 | |b M458 | ||
| 245 | 0 | |a Một số quy định pháp luật về quản lý, tổ chức, hoạt động của các hội, đoàn thể xã hội | |
| 245 | 0 | |c Trần Minh Vỹ sưu tầm và tuyển chọn | |
| 260 | |a Hà Nội | ||
| 260 | |b Lao động | ||
| 260 | |c 2002 | ||
| 520 | |a Tài liệu bao gồm các quy định về thành lập, tổ chức, hoạt động và quản lý nhà nước đối với một số các hội, đoàn thể xã hội. | ||
| 650 | |a Local governement,Municipal corporations | ||
| 904 | |i Bạch Trúc | ||
| 980 | |a Trung tâm Học liệu Trường Đại học Cần Thơ | ||